000 01687nam a2200529 i 4500
001 56041
003 KOSZ 005
005 20220622080716.0
008 100427s2009 pl a f |000 0 pol
015 _aUWD 2010/11619
020 _a9788374881326
035 _a991001001449705066
035 _a(PL-WaBN)b24974079-48omnis_nlop
035 _ab24974079
035 _a(OCoLC)316443352
035 _axx001260665
035 _a(PL)b0000002497407
035 _a(EXLNZ-48OMNIS_NETWORK)9910232437805606
040 _aWA N
_cWA N
_dKOSZ 005/HR
045 _bd2007
_bd2013
046 _k2009
080 _a005.8
080 _a338.22(438)
080 _a339.7(4-67)
100 1 _aGrzeszczyk, Tadeusz A.
_eAutor
245 1 0 _aOcena projektów europejskich 2007-2013 /
_cTadeusz A. Grzeszczyk.
260 _aWarszawa :
_bWydawnictwo Placet,
_c2009.
300 _a344 s. :
_bil. ;
_c24 cm.
336 _aTekst
_btxt
_2rdacontent
337 _aBez urządzenia pośredniczącego
_bn
_2rdamedia
338 _aWolumin
_bnc
_2rdacarrier
380 _aKsiążki
388 _a2001-
504 _aBibliogr. s. 341-344.
650 _aFundusze strukturalne UE
650 _aProgramy i fundusze wspólnotowe
650 _aZarządzanie projektami
650 _aProgramy UE
650 _aStrategia rozwoju
651 7 _aPolska
_2DBN
658 _aGospodarka, ekonomia, finanse
658 _aZarządzanie i marketing
710 2 _aWydawnictwo Placet
_4pbl
856 _uhttp://koha.tu.koszalin.pl/cgi-bin/koha/opac-detail.pl?biblionumber=56041
_yKatalog online BPK
942 _2UKD
_cKS
999 _c56041
_d56041